| 000 -LEADER |
| fixed length control field |
00334cam a22000977a 4500 |
| 008 - FIXED-LENGTH DATA ELEMENTS--GENERAL INFORMATION |
| fixed length control field |
180718b-- xxu||||| |||| 00| 0 eng d |
| 082 ## - DEWEY DECIMAL CLASSIFICATION NUMBER |
| Classification number |
A6x675 C76 |
| 245 ## - TITLE STATEMENT |
| Title |
Belgion Congo |
| 260 ## - PUBLICATION, DISTRIBUTION, ETC. |
| Place of publication, distribution, etc. |
Brussels |
| Name of publisher, distributor, etc. |
The Belgion Congo and Ruanda-Urundi Information and Public Relations Office |
| Date of publication, distribution, etc. |
-- |
| 500 ## - GENERAL NOTE |
| General note |
Library has v.1. 1959. 547+p; v.2. 1960. 187+p. |